[Event "Ruhrgebiet Bezirksliga 17/18"]
[Site "Ruhrgebiet"]
[Date "2017.10.15"]
[Round "3.2"]
[White "Markert, Kurt"]
[Black "Bauch, Sieghard"]
[Result "1/2-1/2"]
[WhiteElo "1730"]
[BlackElo "1859"]
[PlyCount "25"]
[EventDate "2017.09.03"]
[EventType "team-tourn"]
[EventRounds "9"]
[EventCountry "GER"]
[SourceTitle "EXT 2022"]
[Source "ChessBase"]
[SourceDate "2021.10.06"]
[SourceVersion "1"]
[SourceVersionDate "2021.10.06"]
[SourceQuality "1"]
[WhiteTeam "Kamen SV IV"]
[BlackTeam "Hamm SG Caissa"]
[WhiteTeamCountry "GER"]
[BlackTeamCountry "GER"]

1. e4 e6 2. d4 d5 3. exd5 exd5 4. Bd3 Nc6 5. c3 Bd6 6. Nf3 Bg4 7. 0-0 Nge7 8. Bg5 h6 9. Bh4 f5 10. Bxe7 Nxe7 11. Re1 0-0 12. Nbd2 c6 13. Qc2 1/2-1/2